Efectos de la estructura productiva desequilibrada y de los esquemas cambiarios sobre el ciclo del empleo en la Argentina (Registro nro. 15074)
[ vista simple ]
| 000 -LEADER | |
|---|---|
| fixed length control field | 00463 a2200133 4500 |
| 001 - CONTROL NUMBER | |
| control field | ART_7230 |
| 005 - DATE AND TIME OF LATEST TRANSACTION | |
| control field | 20260410161700.0 |
| 008 - FIXED-LENGTH DATA ELEMENTS--GENERAL INFORMATION | |
| fixed length control field | 260409a |
| 100 1# - MAIN ENTRY--PERSONAL NAME | |
| Personal name | Panigo, Demián Tupac |
| 245 10 - TITLE STATEMENT | |
| Title | Efectos de la estructura productiva desequilibrada y de los esquemas cambiarios sobre el ciclo del empleo en la Argentina |
| 700 1# - ADDED ENTRY--PERSONAL NAME | |
| Personal name | Chena, Pablo |
| 700 1# - ADDED ENTRY--PERSONAL NAME | |
| Personal name | Gárriz, Ana |
| 773 0# - HOST ITEM ENTRY | |
| Title | Ensayos Económicos |
| Related parts | - Nº 59 (jul./sep. 2010) |
| Record control number | REV620 |
No hay ítems disponibles.